004350000a220010900045001000016000002450109000163000038001257730047001639420008002109520090002189990017003081 aWehn, Beate10aBlessed are the bodies of those who are virgins : Reflections on the image of Paul in the Acts of Thecla aNúm 79 (200), Páginas 149-1640 tJournal for the Study of the New Testament cANA 001040708HEMaFUSBCbFUSBCd2016-01-26l0o r2016-01-26 00:00:00w2016-01-26yANA c55953d55953